| 000 | 00872nam a22002177a 4500 | ||
|---|---|---|---|
| 008 | 120212s2009 uk|||||r|||| 001 0 eng d | ||
| 020 | _a1857434994 | ||
| 020 | _a9781857434996 | ||
| 082 |
_222 _a327.73056 _bHAN |
||
| 245 |
_aHandbook of US-Middle East Relations : _bFormative Factors and Regional Perspectives / _cedited by Robert Looney. |
||
| 260 |
_aLondon : _bRoutledge, _c2009. |
||
| 300 |
_axvi, 523 p. : _bill. ; _c25 cm. |
||
| 504 | _aIncludes bibliographical references and index. | ||
| 651 |
_93840 _aUnited States _xForeign relations _y2001- _zUnited States. |
||
| 651 |
_928834 _aMiddle East _xForeign relations _y1979- _zUnited States. |
||
| 653 |
_bPol _cFebruary2011 |
||
| 651 |
_911042 _aUnited States _xForeign relations _zMiddle East |
||
| 651 |
_911041 _aMiddle East _xForeign relations _zUnited States |
||
| 700 |
_928835 _aLooney, Robert E |
||
| 942 |
_2ddc _cBB |
||
| 999 |
_c16447 _d16447 |
||